|
|
|
|
| LEADER |
01481nam a22003017a 4500 |
| 001 |
38505 |
| 003 |
BD-DhAAL |
| 005 |
20240324111407.0 |
| 008 |
220602t1995 bg ||||| |||| 00| 0 ben d |
| 040 |
|
|
|a BD-DhAAL
|c BD-DhAAL
|
| 041 |
|
|
|a ben
|
| 082 |
|
|
|a 891.4472092
|
| 100 |
|
|
|a হাই, হাসনাত আবদুল
|9 48844
|
| 245 |
|
|
|a ট্রাভেলগ /
|c হাসনাত আবদুল হাই
|
| 260 |
|
|
|a ঢাকা :
|b গ্যালারী ফোর,
|c ১৯৯৫.
|
| 300 |
|
|
|a ২৫৫ পৃষ্ঠা ;
|c ২২ সে.মি.
|
| 362 |
|
|
|a Vol. 2
|
| 541 |
|
|
|a Donated By Akbar Ali Khan
Donated By Rebecca Dipa Khan
|e 38505, 42261
|
| 650 |
|
|
|a Authors, Bengali
|y 20th century
|x Biography.
|9 48845
|
| 651 |
|
|
|a Kyoto (Japan)
|x Description and travel.
|9 48846
|
| 651 |
|
|
|a New York (N.Y.)
|x Description and travel.
|9 48847
|
| 651 |
|
|
|a Kolkata (India)
|x Description and travel.
|9 48848
|
| 651 |
|
|
|a Dhaka
|x Description and travel.
|9 48849
|
| 852 |
|
|
|a Ayesha Abed Library
|c Akbar Ali Khan Collection
|
| 942 |
|
|
|2 ddc
|c BK
|
| 999 |
|
|
|c 44293
|d 44293
|
| 952 |
|
|
|0 0
|1 0
|2 ddc
|4 0
|6 891_447209200000000_HYE
|7 1
|9 70770
|a BRACUL
|b BRACUL
|c AAKC
|d 2022-06-02
|e Donated by Akbar Ali Khan
|l 0
|o 891.4472092 HYE
|p 3010038505
|r 2022-06-02
|t 1
|w 2022-06-02
|y BK
|
| 952 |
|
|
|0 0
|1 0
|2 ddc
|4 0
|6 891_447209200000000_HYE
|7 0
|9 75287
|a BRACUL
|b BRACUL
|c GEN
|d 2024-03-24
|e Donated By Rebecca Dipa Khan
|l 3
|m 25
|o 891.4472092 HYE
|p 3010042261
|q 2026-06-03
|r 2026-04-22
|s 2026-04-22
|t 2
|w 2024-03-24
|y BK
|